Detalles MARC
| 000 -CABECERA |
| Longitud fija campo de control |
02105nam a2200493 c 4500 |
| 001 - NÚMERO DE CONTROL |
| Número de control |
53256 |
| 003 - IDENTIFICADOR DE NÚMERO DE CONTROL |
| Identificador del número de control |
ES-MaCES |
| 005 - FECHA Y HORA DE LA ÚLTIMA TRANSACCIÓN |
| Fecha y hora de la última transacción |
20251115040006.0 |
| 007 - PHYSICAL DESCRIPTION FIXED FIELD--GENERAL INFORMAT |
| Campo fijo de descripción física |
cr ||||||||||| |
| 008 - CAMPO FIJO DE DESCRIPCIÓN FIJA--INFORMACIÓN GENERAL |
| Códigos de información de longitud fija |
240716s2024 sp o100 | spa d |
| 017 ## - NÚMERO DE REGISTRO DE DERECHOS DE AUTOR Y DEPÓSITO LEGAL |
| Número de copyright o de depósito legal |
M 14150-2024 |
| Agencia que asigna el número |
DL |
| 020 ## - ISBN (INTERNATIONAL STANDARD BOOK NUMBER) |
| Número Internacional Normalizado para Libros (ISBN) |
9788484176305 |
| 020 ## - ISBN (INTERNATIONAL STANDARD BOOK NUMBER) |
| Número Internacional Normalizado para Libros (ISBN) |
9788484176312 (pdf) |
| 024 7# - OTROS IDENTIFICADORES |
| Número normalizado o código |
117-24-025-6 |
| Fuente del número o código |
nipo |
| 024 7# - OTROS IDENTIFICADORES |
| Número normalizado o código |
117-24-029-8 |
| Fuente del número o código |
nipo pdf |
| 040 ## - FUENTE DE CATALOGACIÓN |
| Centro catalogador de origen |
ES-MaCES |
| Lengua de catalogación |
spa |
| Centro transcriptor |
ES-MaCES |
| 245 00 - MENCIÓN DE TÍTULO |
| Título |
Mecanismos e instrumentos de flexibilidad interna en la negociación colectiva |
| Resto del título |
: informe de síntesis |
| Mención de responsabilidad, etc. |
dir., José Luis Monereo Pérez, Francisco Vila Tierno ; coord., Belén del Mar López Insua ; autores, Carlos Luis Alfonso Mellado ... [et al.] |
| 260 ## - PUBLICACIÓN, DISTRIBUCIÓN, ETC (PIE DE IMPRENTA) |
| Lugar de publicación, distribución, etc. |
Madrid |
| Nombre del editor, distribuidor, etc. |
Ministerio de Trabajo y Economía Social, Subdirección General de Informes, Recursos y Publicaciones |
| Fecha de publicación, distribución, etc. |
[2024] |
| 300 ## - DESCRIPCIÓN FÍSICA |
| Extensión |
78 p |
| Dimensiones |
22 cm |
| Material anejo |
1 documento pdf (458 kb) |
| 490 1# - MENCIÓN DE SERIE |
| Mención de serie |
Colección Informes y estudios. Serie Relaciones laborales |
| Designación de volumen o secuencia |
135 |
| 500 ## - NOTA GENERAL |
| Nota general |
Texto completo en pdf |
| 541 ## - NOTA DE LA FUENTE INMEDIANTE DE ADQUISICIÓN |
| Forma de adquisición |
Compra |
| 650 #4 - ASIENTO SECUNDARIO DE MATERIA--TÉRMINO DE MATERIA |
| Término de materia o nombre geográfico como elemento inicial |
relaciones laborales |
| 9 (RLIN) |
28369 |
| 650 #4 - ASIENTO SECUNDARIO DE MATERIA--TÉRMINO DE MATERIA |
| Término de materia o nombre geográfico como elemento inicial |
negociación colectiva |
| 9 (RLIN) |
28362 |
| 650 #4 - ASIENTO SECUNDARIO DE MATERIA--TÉRMINO DE MATERIA |
| Término de materia o nombre geográfico como elemento inicial |
flexibilidad del trabajo |
| 9 (RLIN) |
30174 |
| 650 #4 - ASIENTO SECUNDARIO DE MATERIA--TÉRMINO DE MATERIA |
| Término de materia o nombre geográfico como elemento inicial |
condiciones de trabajo |
| 9 (RLIN) |
28327 |
| 650 #4 - ASIENTO SECUNDARIO DE MATERIA--TÉRMINO DE MATERIA |
| Término de materia o nombre geográfico como elemento inicial |
condiciones de empleo |
| 9 (RLIN) |
30040 |
| 650 #4 - ASIENTO SECUNDARIO DE MATERIA--TÉRMINO DE MATERIA |
| Término de materia o nombre geográfico como elemento inicial |
despido |
| 9 (RLIN) |
28352 |
| 650 #4 - ASIENTO SECUNDARIO DE MATERIA--TÉRMINO DE MATERIA |
| Término de materia o nombre geográfico como elemento inicial |
reestructuración empresarial |
| 9 (RLIN) |
30602 |
| 650 #4 - ASIENTO SECUNDARIO DE MATERIA--TÉRMINO DE MATERIA |
| Término de materia o nombre geográfico como elemento inicial |
economía colaborativa |
| 9 (RLIN) |
37923 |
| 650 #4 - ASIENTO SECUNDARIO DE MATERIA--TÉRMINO DE MATERIA |
| Término de materia o nombre geográfico como elemento inicial |
derechos de los trabajadores |
| 9 (RLIN) |
29924 |
| 650 #4 - ASIENTO SECUNDARIO DE MATERIA--TÉRMINO DE MATERIA |
| Término de materia o nombre geográfico como elemento inicial |
España |
| 9 (RLIN) |
26964 |
| 650 #4 - ASIENTO SECUNDARIO DE MATERIA--TÉRMINO DE MATERIA |
| Término de materia o nombre geográfico como elemento inicial |
informe técnico |
| 9 (RLIN) |
28987 |
| 653 10 - TÉRMINO DE INDEXACIÓN--NO CONTROLADO |
| Término no controlado |
Relaciones laborales-Empleo |
| 700 1# - ENCABEZAMIENTO SECUNDARIO--NOMBRE PERSONAL |
| 9 (RLIN) |
18830 |
| Nombre de persona |
Monereo Pérez, José Luis |
| Término indicativo de función |
dir. |
| 700 1# - ENCABEZAMIENTO SECUNDARIO--NOMBRE PERSONAL |
| 9 (RLIN) |
25877 |
| Nombre de persona |
Vila Tierno, Francisco |
| Término indicativo de función |
dir. |
| 700 1# - ENCABEZAMIENTO SECUNDARIO--NOMBRE PERSONAL |
| 9 (RLIN) |
16923 |
| Nombre de persona |
López Insua, Belén del Mar |
| Término indicativo de función |
col. |
| 700 1# - ENCABEZAMIENTO SECUNDARIO--NOMBRE PERSONAL |
| 9 (RLIN) |
5913 |
| Nombre de persona |
Alfonso Mellado, Carlos Luis |
| 710 1# - ENCABEZAMIENTO SECUNDARIO--NOMBRE CORPORATIVO |
| Nombre de entidad o nombre de jurisdicción como elemento inicial |
España |
| Unidad subordinada |
Ministerio de Trabajo y Economía Social |
| 9 (RLIN) |
39731 |
| 830 #0 - ENCABEZAMIENTO SECUNDARIO DE COLECCIÓN--TÍTULO UNIFORME |
| Título uniforme |
Colección Informes y estudios (España. Ministerio de Trabajo y Economía Social) |
| Nombre de parte o sección de la obra |
Serie Relaciones laborales |
| Designación de volumen o secuencia |
135 |
| 9 (RLIN) |
39985 |
| 856 4# - ACCESO ELECTRÓNICO |
| Identificador Uniforme del Recurso (URI) |
http://biblioteca.ces.es/repintra/B53188.pdf |
| Texto del enlace |
texto completo |
| 902 ## - CES. TIPO DE DOCUMENTO |
| Tipodoc (006$c Sirtex) |
LIB Libro |
| 942 ## - ELEMENTOS KOHA |
| Fuente de clasificaión o esquema |
Clasificación propia del CES |
| Koha [por defecto] tipo de item |
Monografías |
| Parte de clasificación |
Relaciones Laborales y Rel. Lab.- Empleo |